[Event "Charlotte op"]
[Site "Charlotte"]
[Date "2020.01.03"]
[Round "4"]
[White "Narva, Mai"]
[Black "Polgar, Tom"]
[Result "1-0"]
[WhiteElo "2321"]
[BlackElo "2233"]
[PlyCount "51"]
[EventDate "2020.01.01"]
[EventType "swiss"]
[EventRounds "9"]
[EventCountry "USA"]
[SourceTitle "CBM 194 Extra"]
[Source "ChessBase"]
[SourceDate "2020.03.31"]
[SourceVersion "1"]
[SourceVersionDate "2020.03.31"]
[SourceQuality "1"]

1. e4 g6 2. d4 Bg7 3. Nc3 d5 4. exd5 Nf6 5. Bc4 Nbd7 6. Nf3 0-0 7. 0-0 Nb6 8. Bb3 a5 9. a3 a4 10. Ba2 Nbxd5 11. Nxd5 Nxd5 12. Qe2 Bg4 13. Rd1 c6 14. c4 Nc7 15. Be3 Qd7 16. h3 Bxf3 17. Qxf3 Rfd8 18. Rd2 Ra5 19. Rad1 e6 20. d5 cxd5 21. Bb6 Ra6 22. cxd5 Qc8 23. dxe6 Rxd2 24. Qxf7+ Kh8 25. Rxd2 Rxb6 26. e7 1-0

[Event "Charlotte op"]
[Site "Charlotte"]
[Date "2020.01.02"]
[Round "2"]
[White "Escalante Ramirez, Brian Sebastian"]
[Black "Polgar, Tom"]
[Result "1-0"]
[WhiteElo "2430"]
[BlackElo "2233"]
[PlyCount "105"]
[EventDate "2020.01.01"]
[EventType "swiss"]
[EventRounds "9"]
[EventCountry "USA"]
[SourceTitle "CBM 194 Extra"]
[Source "ChessBase"]
[SourceDate "2020.03.31"]
[SourceVersion "1"]
[SourceVersionDate "2020.03.31"]
[SourceQuality "1"]

1. f4 d5 2. Nf3 Nf6 3. g3 g6 4. Bg2 Bg7 5. 0-0 0-0 6. d3 c5 7. Qe1 Nc6 8. e4 dxe4 9. dxe4 e5 10. f5 Nd4 11. Nxd4 exd4 12. e5 Re8 13. fxg6 hxg6 14. Bg5 d3 15. Qf2 Rxe5 16. Bxf6 Bxf6 17. Qxf6 Qxf6 18. Rxf6 dxc2 19. Nc3 Bf5 20. Rc1 Rae8 21. Rxf5 Rxf5 22. Bxb7 Rb8 23. Be4 Re5 24. Rxc2 Rb4 25. Bf3 Kg7 26. Kf2 Rc4 27. b3 Rd4 28. Na4 c4 29. bxc4 Ra5 30. Ke3 Rd7 31. Nc3 Re5+ 32. Kf2 Rd3 33. Be2 Rf5+ 34. Ke1 Re3 35. Nb5 Re7 36. c5 a6 37. c6 Rxb5 38. c7 Rb1+ 39. Kd2 Rd7+ 40. Bd3 Rxc7 41. Rxc7 Rh1 42. h4 Rg1 43. Bxa6 Rxg3 44. Bc4 Rg4 45. Rxf7+ Kh6 46. Kc3 Rxh4 47. a4 Rh1 48. Rf1 Rh5 49. Kb4 g5 50. a5 g4 51. a6 Kg5 52. a7 Rh8 53. Bd5 1-0

[Event "Saint Louis Winter-B"]
[Site "Saint Louis"]
[Date "2019.11.23"]
[Round "5"]
[White "Polgar, Tom"]
[Black "Torres Rosas, Luis Carlos"]
[Result "0-1"]
[WhiteElo "2234"]
[BlackElo "2360"]
[PlyCount "104"]
[EventDate "2019.11.21"]
[EventType "tourn"]
[EventRounds "9"]
[EventCountry "USA"]
[EventCategory "3"]
[SourceTitle "EXT 2021"]
[Source "ChessBase"]
[SourceDate "2020.10.23"]
[SourceVersion "1"]
[SourceVersionDate "2020.10.23"]
[SourceQuality "1"]

1. e4 c5 2. Nf3 d6 3. Bb5+ Nd7 4. 0-0 a6 5. Bd3 Ngf6 6. c3 b5 7. Re1 c4 8. Bc2 Bb7 9. a4 e6 10. d4 cxd3 11. Qxd3 Nc5 12. Qe2 bxa4 13. e5 dxe5 14. Nxe5 Be7 15. Rxa4 Qd5 16. f3 Nxa4 17. Bxa4+ Kf8 18. c4 Qd6 19. Kh1 Kg8 20. b4 Rf8 21. c5 Qd4 22. Bd2 Nd5 23. Bd7 Bf6 24. Nxf7 Rxf7 25. Bxe6 Nc7 26. Bc3 Qd8 27. Bxf7+ Kxf7 28. Rd1 Re8 29. Qc4+ Bd5 30. Qf4 Qe7 31. h3 Ne6 32. Qf5 Bb3 33. Qh5+ Kf8 34. Re1 Nf4 35. Rxe7 Nxh5 36. Ra7 Bc4 37. Bxf6 Nxf6 38. Nc3 Rb8 39. c6 Rc8 40. Na4 Rxc6 41. Nc5 Rb6 42. f4 Rxb4 43. Ra8+ Ke7 44. Ra7+ Kd6 45. Nb7+ Kc7 46. Na5+ Kb6 47. Rxg7 Kxa5 48. Kh2 Bd5 49. g4 Rxf4 50. Kg3 Rf3+ 51. Kh4 Be4 52. g5 Rf4+ 0-1

[Event "Saint Louis Winter-B"]
[Site "Saint Louis"]
[Date "2019.11.21"]
[Round "1"]
[White "Polgar, Tom"]
[Black "Grabinsky, Aaron"]
[Result "0-1"]
[WhiteElo "2234"]
[BlackElo "2338"]
[PlyCount "186"]
[EventDate "2019.11.21"]
[EventType "tourn"]
[EventRounds "9"]
[EventCountry "USA"]
[EventCategory "3"]
[SourceTitle "EXT 2021"]
[Source "ChessBase"]
[SourceDate "2020.10.23"]
[SourceVersion "1"]
[SourceVersionDate "2020.10.23"]
[SourceQuality "1"]

1. Nf3 Nf6 2. c4 d6 3. d4 g6 4. b3 Bg7 5. Bb2 0-0 6. g3 Nbd7 7. Bg2 Rb8 8. 0-0 a6 9. Qc2 c6 10. e4 Qc7 11. Nbd2 c5 12. d5 b5 13. Rfe1 bxc4 14. Nxc4 Nb6 15. Nfd2 Nfd7 16. Bxg7 Kxg7 17. Rad1 Nxc4 18. Nxc4 Nb6 19. Qc3+ Kg8 20. Nxb6 Qxb6 21. e5 Bg4 22. Rc1 Qb4 23. Qe3 Bd7 24. Qh6 Bf5 25. Re2 Qg4 26. Rd2 f6 27. Rc4 Qg5 28. Qxg5 fxg5 29. Ra4 Rb6 30. Bf1 Bc8 31. exd6 exd6 32. Re4 Bd7 33. Re7 Rf7 34. Rde2 a5 35. R2e4 Rb4 36. Bc4 Kf8 37. Rxf7+ Kxf7 38. g4 a4 39. Kg2 axb3 40. axb3 Rb8 41. h3 Kf6 42. Re2 Ra8 43. Kh2 Ra1 44. Kg2 h5 45. f3 Ra8 46. Kf2 h4 47. Kg2 Rd8 48. Kf2 Be8 49. Re6+ Kg7 50. Re7+ Bf7 51. Ra7 Kf6 52. Rb7 Bg8 53. Ra7 Ke5 54. Re7+ Kf6 55. Ra7 Re8 56. Ra2 Re7 57. Ra1 Bf7 58. Ra2 Rb7 59. Ra1 Ke5 60. Re1+ Kf6 61. Ra1 Rb8 62. Ra2 Re8 63. Ra1 Ke5 64. Ra2 Kd4 65. Ra1 Re7 66. Ra6 Rd7 67. Ra1 Rd8 68. Ra2 Bg8 69. Ra1 Re8 70. Ra6 Rd8 71. Ra1 Rf8 72. Ra2 Rb8 73. Ra6 Ke5 74. Ra1 Bf7 75. Re1+ Kf6 76. Ra1 Be8 77. Ra5 Ke5 78. Ra1 Bb5 79. Re1+ Kd4 80. Re4+ Kc3 81. Re3+ Kb4 82. Re6 Bxc4 83. bxc4 Rb6 84. Rxg6 Kxc4 85. Rxg5 Kd3 86. Rg8 Rb2+ 87. Kg1 c4 88. g5 c3 89. Rc8 c2 90. g6 Rb1+ 91. Kf2 c1Q 92. Rxc1 Rxc1 93. g7 Rc8 0-1

[Event "Saint Louis SPICE Cup op 13th"]
[Site "Saint Louis"]
[Date "2019.10.25"]
[Round "6"]
[White "Polgar, Tom"]
[Black "Kavutskiy, Konstantin"]
[Result "1/2-1/2"]
[WhiteElo "2269"]
[BlackElo "2414"]
[PlyCount "122"]
[EventDate "2019.10.22"]
[EventType "swiss"]
[EventRounds "9"]
[EventCountry "USA"]
[SourceTitle "CBM 192 Extra"]
[Source "Chessbase"]
[SourceDate "2019.11.06"]
[SourceVersion "1"]
[SourceVersionDate "2019.11.06"]
[SourceQuality "1"]

1. e4 Nc6 2. d4 d6 3. Nc3 Nf6 4. f4 e5 5. Bb5 Bd7 6. Nf3 exd4 7. Nxd4 g6 8. Be3 Bg7 9. Qd3 0-0 10. Bxc6 bxc6 11. 0-0-0 Re8 12. Rhe1 c5 13. Nf3 Qb8 14. e5 Bf5 15. Qb5 Ne4 16. Qxb8 Raxb8 17. Nxe4 Bxe4 18. c3 h5 19. Bf2 Bxf3 20. gxf3 Bh6 21. Be3 f6 22. Kc2 Rbd8 23. Bc1 Kf7 24. Re4 Bg7 25. Ra4 fxe5 26. Rxa7 Rd7 27. a4 Rb8 28. fxe5 Bxe5 29. f4 Bf6 30. a5 Re7 31. Bd2 c6 32. Rxe7+ Bxe7 33. a6 Ra8 34. Ra1 Ke6 35. b4 Kd5 36. Kd3 c4+ 37. Ke3 Bd8 38. Kf3 Bf6 39. Ke3 Ke6 40. Kf3 d5 41. Ra3 d4 42. cxd4 Bxd4 43. Ke4 Bb2 44. Ra2 c3 45. Be3 Kd6 46. Bd4 Kc7 47. a7 Kb7 48. Ra5 Rd8 49. Be5 Ka8 50. Rc5 Kxa7 51. Rxc6 Rd2 52. Bxc3 Bxc3 53. Rxc3 Rxh2 54. Rg3 Re2+ 55. Kd5 Rf2 56. Ke5 Re2+ 57. Kf6 Rf2 58. Ke5 Re2+ 59. Kf6 Rf2 60. Kxg6 Rxf4 61. Kxh5 Rxb4 1/2-1/2

[Event "Saint Louis SPICE Cup op 13th"]
[Site "Saint Louis"]
[Date "2019.10.24"]
[Round "5"]
[White "Gosdin, Kaleb Ryder"]
[Black "Polgar, Tom"]
[Result "1/2-1/2"]
[WhiteElo "2028"]
[BlackElo "2269"]
[PlyCount "62"]
[EventDate "2019.10.22"]
[EventType "swiss"]
[EventRounds "9"]
[EventCountry "USA"]
[SourceTitle "CBM 192 Extra"]
[Source "Chessbase"]
[SourceDate "2019.11.06"]
[SourceVersion "1"]
[SourceVersionDate "2019.11.06"]
[SourceQuality "1"]

1. d4 Nf6 2. c4 e6 3. Nf3 d5 4. g3 Bb4+ 5. Bd2 Be7 6. Qc2 0-0 7. Bg2 c6 8. 0-0 Nbd7 9. b3 b6 10. Nc3 Ba6 11. cxd5 cxd5 12. Qb2 Rc8 13. Rfc1 Bd6 14. Bf4 Qe7 15. Bxd6 Qxd6 16. Rc2 Rc7 17. Rac1 Rfc8 18. Nb1 Ne4 19. e3 Bd3 20. Rxc7 Rxc7 21. Rxc7 Qxc7 22. Nfd2 Nxd2 23. Nxd2 h6 24. Bf1 Bf5 25. Nf3 Nf6 26. Ne1 Qe7 27. a3 Qc7 28. Bd3 Ne4 29. Qc2 Qe7 30. b4 h5 31. Nf3 g6 1/2-1/2

[Event "Saint Louis SPICE Cup op 13th"]
[Site "Saint Louis"]
[Date "2019.10.23"]
[Round "3"]
[White "Guo, Arthur"]
[Black "Polgar, Tom"]
[Result "1/2-1/2"]
[WhiteElo "2265"]
[BlackElo "2269"]
[PlyCount "136"]
[EventDate "2019.10.22"]
[EventType "swiss"]
[EventRounds "9"]
[EventCountry "USA"]
[SourceTitle "CBM 192 Extra"]
[Source "Chessbase"]
[SourceDate "2019.11.06"]
[SourceVersion "1"]
[SourceVersionDate "2019.11.06"]
[SourceQuality "1"]

1. e4 e5 2. Nf3 Nc6 3. Bb5 Nf6 4. d3 Bc5 5. Bxc6 dxc6 6. Nbd2 Bg4 7. Nc4 Nd7 8. 0-0 f6 9. Ne3 Bxf3 10. Qxf3 Nf8 11. Nf5 Qd7 12. c3 Bb6 13. a4 a5 14. Be3 Ne6 15. Bxb6 cxb6 16. Rfd1 c5 17. Ne3 0-0 18. Nd5 Qd6 19. h3 Rad8 20. Qe2 Nc7 21. Ne3 Rd7 22. Qc2 Rfd8 23. Rd2 Qe6 24. Nc4 Ne8 25. Rad1 Rc8 26. Ne3 Rc6 27. b3 Rc8 28. Nc4 Rcd8 29. Qb1 Nc7 30. b4 axb4 31. cxb4 Na6 32. bxc5 Nxc5 33. Nxb6 Rd4 34. Nd5 Nxa4 35. Qxb7 Nc5 36. Qc7 R4xd5 37. exd5 Qxd5 38. Qb6 Ne6 39. Rb1 Nd4 40. Rdb2 Rd7 41. Qa6 h6 42. Qc4 Kh7 43. Qxd5 Rxd5 44. Ra1 Rd7 45. Ra3 Ne6 46. f3 h5 47. h4 Nd4 48. Kf2 Rc7 49. Rba2 Nf5 50. Ra7 Rc3 51. Rd7 Nxh4 52. g4 hxg4 53. fxg4 Kh6 54. Raa7 g6 55. Rd6 Kg5 56. Ke3 Rc1 57. Raa6 Rf1 58. d4 exd4+ 59. Rxd4 f5 60. gxf5 Nxf5+ 61. Ke2 Rb1 62. Rc4 Rb2+ 63. Kd3 Rb3+ 64. Kd2 Rb2+ 65. Rc2 Rb5 66. Rcc6 Rd5+ 67. Ke1 Nh4 68. Ra4 Nf5 1/2-1/2

[Event "Pardubice Czech op-A 30th"]
[Site "Pardubice"]
[Date "2019.07.23"]
[Round "5"]
[White "Polgar, Tom"]
[Black "Dvoirys, Semen I"]
[Result "1-0"]
[WhiteElo "2241"]
[BlackElo "2505"]
[PlyCount "85"]
[EventDate "2019.07.19"]
[EventType "swiss"]
[EventRounds "9"]
[EventCountry "CZE"]
[SourceTitle "CBM 191"]
[Source "ChessBase"]
[SourceDate "2019.08.31"]
[SourceVersion "1"]
[SourceVersionDate "2019.08.31"]
[SourceQuality "1"]

1. e4 c5 2. Nf3 Nc6 3. Bb5 g6 4. 0-0 Bg7 5. Re1 Nf6 6. e5 Nd5 7. Nc3 Nc7 8. Bxc6 dxc6 9. Ne4 Ne6 10. d3 0-0 11. Be3 b6 12. Qd2 a5 13. Bh6 f5 14. exf6 exf6 15. Bxg7 Kxg7 16. Re3 Ra7 17. Rae1 Nd4 18. Nxd4 cxd4 19. R3e2 Rd7 20. Qf4 c5 21. h4 Bb7 22. h5 g5 23. h6+ Kg6 24. Qh2 Bxe4 25. Rxe4 Qc7 26. f4 gxf4 27. Rxf4 Kf7 28. Qg3 Rg8 29. Rxf6+ Kxf6 30. Rf1+ Ke6 31. Qxg8+ Rf7 32. Qe8+ Re7 33. Re1+ Kf6 34. Qf8+ Rf7 35. Qg8 Re7 36. Rf1+ Ke5 37. Qg5+ Kd6 38. Rf6+ Kd7 39. Qf5+ Kd8 40. Rf8+ Re8 41. Qd5+ Qd7 42. Rxe8+ Kxe8 43. Qg8+ 1-0

[Event "Pardubice Czech op-A 30th"]
[Site "Pardubice"]
[Date "2019.07.19"]
[Round "1"]
[White "Stocek, Jiri"]
[Black "Polgar, Tom"]
[Result "1-0"]
[WhiteElo "2556"]
[BlackElo "2241"]
[PlyCount "55"]
[EventDate "2019.07.19"]
[EventType "swiss"]
[EventRounds "9"]
[EventCountry "CZE"]
[SourceTitle "CBM 191"]
[Source "ChessBase"]
[SourceDate "2019.08.31"]
[SourceVersion "1"]
[SourceVersionDate "2019.08.31"]
[SourceQuality "1"]

1. d4 Nf6 2. c4 d6 3. Nc3 Nbd7 4. e4 e5 5. Nge2 Be7 6. Ng3 exd4 7. Qxd4 Ne5 8. Be2 0-0 9. 0-0 Nc6 10. Qd2 Re8 11. b3 Bf8 12. Bb2 g6 13. Rad1 Bg7 14. f3 h5 15. Nh1 h4 16. Nf2 Kh7 17. Nd5 Ne5 18. f4 Ned7 19. Nxf6+ Bxf6 20. e5 dxe5 21. Ne4 Bg7 22. fxe5 Kg8 23. Rxf7 Kxf7 24. Qd5+ Re6 25. Bg4 Qe7 26. Bxe6+ Ke8 27. Bxd7+ Bxd7 28. Qg8+ 1-0

[Event "PRO League Stage"]
[Site "Chess.com INT"]
[Date "2019.02.20"]
[Round "7"]
[White "Kulkarni, Rakesh"]
[Black "Polgar, Tom"]
[Result "1-0"]
[WhiteElo "2298"]
[BlackElo "2181"]
[PlyCount "101"]
[EventDate "2019.01.08"]
[EventType "team-swiss (rapid)"]
[EventRounds "10"]
[EventCountry "USA"]
[SourceTitle "CBM 189 Extra"]
[Source "ChessBase"]
[SourceDate "2019.06.03"]
[SourceVersion "1"]
[SourceVersionDate "2019.06.03"]
[SourceQuality "1"]
[WhiteTeam "Mumbai Movers"]
[BlackTeam "Webster Windmills"]
[WhiteTeamCountry "IND"]
[BlackTeamCountry "USA"]

1. Nf3 Nf6 2. g3 g6 3. Bg2 Bg7 4. 0-0 0-0 5. b3 d5 6. Bb2 c5 7. d4 Ne4 8. Nbd2 Nc6 9. e3 Bg4 10. h3 Nxd2 11. Qxd2 Bf5 12. Rac1 Qd7 13. Kh2 Rac8 14. Rfd1 Rfd8 15. c4 cxd4 16. cxd5 dxe3 17. Qxe3 Bxb2 18. dxc6 Qc7 19. cxb7 Bxc1 20. bxc8Q Rxc8 21. Qd4 Bh6 22. Ne5 Bg7 23. f4 Bxe5 24. fxe5 Be6 25. Rd2 a5 26. h4 h5 27. Be4 Qc5 28. Kg2 Qxd4 29. Rxd4 Rc5 30. Kf2 Rxe5 31. Bb1 Kg7 32. b4 axb4 33. Rxb4 Ra5 34. a4 Bd7 35. Bc2 e5 36. Ke3 Kf6 37. Kd2 Ke7 38. Kc3 f5 39. Rb7 Kd6 40. Kb4 Ra8 41. a5 e4 42. Rb6+ Kc7 43. Rxg6 Rb8+ 44. Kc3 Rb5 45. a6 Rc5+ 46. Kb2 Ra5 47. Bd1 Bb5 48. Bxh5 Bxa6 49. Bd1 Kd7 50. h5 e3 51. h6 1-0

[Event "PRO League Stage"]
[Site "Chess.com INT"]
[Date "2019.02.20"]
[Round "7"]
[White "Polgar, Tom"]
[Black "Manu David, Suthandram R"]
[Result "1/2-1/2"]
[WhiteElo "2181"]
[BlackElo "2252"]
[PlyCount "66"]
[EventDate "2019.01.08"]
[EventType "team-swiss (rapid)"]
[EventRounds "10"]
[EventCountry "USA"]
[SourceTitle "CBM 189 Extra"]
[Source "ChessBase"]
[SourceDate "2019.06.03"]
[SourceVersion "1"]
[SourceVersionDate "2019.06.03"]
[SourceQuality "1"]
[WhiteTeam "Webster Windmills"]
[BlackTeam "Delhi Dynamite"]
[WhiteTeamCountry "USA"]
[BlackTeamCountry "IND"]

1. e4 c5 2. Nf3 Nc6 3. Bb5 e6 4. 0-0 Nge7 5. Re1 g6 6. c3 Bg7 7. d4 cxd4 8. cxd4 Qb6 9. Bxc6 dxc6 10. Nc3 0-0 11. Na4 Qc7 12. Qc2 Rd8 13. Be3 b6 14. Rac1 Bb7 15. Red1 Rac8 16. Bg5 h6 17. Be3 g5 18. h3 Ng6 19. Nc3 Qb8 20. Ne2 e5 21. dxe5 Nxe5 22. Nxe5 Qxe5 23. Bd4 Qe8 24. Bxg7 Kxg7 25. Ng3 Qe5 26. Rd3 c5 27. Rcd1 Rxd3 28. Qxd3 c4 29. Qf3 Rc7 30. Nf5+ Kg6 31. Ng3 Kg7 32. Nf5+ Kg6 33. Ng3 Kg7 1/2-1/2

[Event "PRO League Stage"]
[Site "Chess.com INT"]
[Date "2019.01.22"]
[Round "3"]
[White "Polgar, Tom"]
[Black "Haria, Ravi"]
[Result "0-1"]
[WhiteElo "2181"]
[BlackElo "2450"]
[PlyCount "104"]
[EventDate "2019.01.08"]
[EventType "team-swiss (rapid)"]
[EventRounds "10"]
[EventCountry "USA"]
[SourceTitle "CBM 188 Extra"]
[Source "ChessBase"]
[SourceDate "2019.02.26"]
[SourceVersion "1"]
[SourceVersionDate "2019.02.26"]
[SourceQuality "1"]
[WhiteTeam "Webster Windmills"]
[BlackTeam "London Lions"]
[WhiteTeamCountry "USA"]
[BlackTeamCountry "ENG"]

1. e4 e6 2. d4 d5 3. Nd2 h6 4. Ngf3 Nf6 5. Bd3 c5 6. exd5 exd5 7. dxc5 Bxc5 8. 0-0 0-0 9. Nb3 Bb6 10. Nbd4 Nc6 11. Nf5 Ne4 12. Bxe4 dxe4 13. Qxd8 Rxd8 14. N3h4 Kh7 15. Ng3 g5 16. Nhf5 Kg6 17. Ne3 f5 18. Nc4 Bc7 19. a4 Be6 20. Na3 h5 21. h4 gxh4 22. Ne2 Bf7 23. Nf4+ Kf6 24. Be3 Be5 25. c3 Rg8 26. Kh1 Rg4 27. Nh3 Rag8 28. Rg1 f4 29. Bd2 Na5 30. Rae1 Bd5 31. c4 Nxc4 32. Nxc4 Bxc4 33. f3 exf3 34. gxf3 Rxg1+ 35. Nxg1 Bd5 36. Bc3 Bxc3 37. bxc3 Rg3 38. Rb1 b6 39. Rd1 Bxf3+ 40. Nxf3 Rxf3 41. Rd7 Rxc3 42. Rxa7 Ra3 43. Ra6 Kf5 44. Rxb6 Rxa4 45. Rb2 Kg4 46. Kg2 h3+ 47. Kh2 Re4 48. Rb8 Re2+ 49. Kh1 f3 50. Rg8+ Kh4 51. Rg1 f2 52. Rf1 Kg3 0-1

[Event "PRO League Stage"]
[Site "Chess.com INT"]
[Date "2019.01.22"]
[Round "3"]
[White "Tan, Justin Hy"]
[Black "Polgar, Tom"]
[Result "1-0"]
[WhiteElo "2502"]
[BlackElo "2181"]
[PlyCount "127"]
[EventDate "2019.01.08"]
[EventType "team-swiss (rapid)"]
[EventRounds "10"]
[EventCountry "USA"]
[SourceTitle "CBM 188 Extra"]
[Source "ChessBase"]
[SourceDate "2019.02.26"]
[SourceVersion "1"]
[SourceVersionDate "2019.02.26"]
[SourceQuality "1"]
[WhiteTeam "London Lions"]
[BlackTeam "Webster Windmills"]
[WhiteTeamCountry "ENG"]
[BlackTeamCountry "USA"]

1. e4 c5 2. Nf3 Nc6 3. Bb5 Nf6 4. Bxc6 dxc6 5. d3 Bg4 6. h3 Bh5 7. Bf4 e6 8. Nbd2 Be7 9. Qe2 Qa5 10. g4 Bg6 11. h4 h5 12. g5 Ng4 13. c3 Rd8 14. Nc4 Qa6 15. Nfe5 Nxe5 16. Nxe5 0-0 17. a3 Bd6 18. 0-0-0 b5 19. Qe3 Bxe5 20. Bxe5 b4 21. Qxc5 Rxd3 22. Bd4 bxc3 23. Bxc3 Qb5 24. Qxb5 Rxd1+ 25. Rxd1 cxb5 26. f3 Rc8 27. Rd7 a5 28. Kd2 Ra8 29. Rb7 b4 30. axb4 axb4 31. Bxb4 Ra1 32. Ke2 Rh1 33. Be1 f5 34. e5 f4 35. Rb4 Rh2+ 36. Bf2 Bd3+ 37. Kxd3 Rxf2 38. g6 Kf8 39. Rxf4+ Ke8 40. Rf7 Rxb2 41. Rxg7 Kf8 42. Rf7+ Kg8 43. Re7 Rb3+ 44. Ke2 Rb6 45. Kf2 Kf8 46. Rf7+ Kg8 47. Rf6 Kg7 48. Kg3 Ra6 49. Kf4 Kh6 50. g7+ Kxg7 51. Kg5 Ra3 52. Kxh5 Re3 53. f4 Rf3 54. Kg4 Rf1 55. Rxe6 Rg1+ 56. Kf5 Kf7 57. Rf6+ Kg7 58. h5 Kh7 59. Rg6 Ra1 60. Kf6 Ra6+ 61. e6 Ra8 62. Kf7 Ra7+ 63. e7 Kh8 64. Rh6# 1-0

[Event "Bay Area op"]
[Site "Burlingame"]
[Date "2019.01.06"]
[Round "8"]
[White "Somalwar, Anaiy"]
[Black "Polgar, Tom"]
[Result "1/2-1/2"]
[WhiteElo "2069"]
[BlackElo "2181"]
[PlyCount "89"]
[EventDate "2019.01.01"]
[EventType "swiss"]
[EventRounds "9"]
[EventCountry "USA"]
[SourceTitle "CBM 188 Extra"]
[Source "ChessBase"]
[SourceDate "2019.02.26"]
[SourceVersion "1"]
[SourceVersionDate "2019.02.26"]
[SourceQuality "1"]

1. d4 Nf6 2. c4 e6 3. Nc3 Bb4 4. e3 0-0 5. Nge2 c6 6. a3 Ba5 7. b4 Bc7 8. Ng3 d5 9. cxd5 exd5 10. Bd3 Re8 11. 0-0 Ng4 12. Nce2 Qh4 13. h3 Nf6 14. Nf4 g5 15. Nfh5 Nxh5 16. Qxh5 Qxh5 17. Nxh5 Bd8 18. g4 Nd7 19. Bd2 Nf6 20. Nxf6+ Bxf6 21. Rab1 a6 22. a4 Bd7 23. Rfc1 Kg7 24. b5 axb5 25. axb5 Ra2 26. bxc6 Bxc6 27. Be1 Re6 28. Bb5 Bd8 29. Bxc6 bxc6 30. Rb8 Bc7 31. Rc8 Ra7 32. Bb4 Rb7 33. Bf8+ Kf6 34. Bc5 Kg7 35. Kg2 Kf6 36. Rc2 Bb6 37. Bxb6 Rxb6 38. Rc7 Kg7 39. Kg3 Rf6 40. Rc8 Ra6 41. Rb8 Re6 42. Rc8 Rf6 43. Rc7 Rb6 44. Ra2 Rb1 45. Rc2 1/2-1/2

[Event "Bay Area op"]
[Site "Burlingame"]
[Date "2019.01.05"]
[Round "6"]
[White "Li, Zhaozhi"]
[Black "Polgar, Tom"]
[Result "1-0"]
[WhiteElo "2395"]
[BlackElo "2181"]
[PlyCount "95"]
[EventDate "2019.01.01"]
[EventType "swiss"]
[EventRounds "9"]
[EventCountry "USA"]
[SourceTitle "CBM 188 Extra"]
[Source "ChessBase"]
[SourceDate "2019.02.26"]
[SourceVersion "1"]
[SourceVersionDate "2019.02.26"]
[SourceQuality "1"]

1. d4 Nf6 2. c4 e6 3. Nf3 d5 4. Nc3 a6 5. cxd5 exd5 6. Bg5 Be6 7. e3 Nbd7 8. Bd3 Bd6 9. Bf4 Qe7 10. 0-0 0-0 11. Re1 Rac8 12. h3 h6 13. Ne5 c5 14. Qf3 b5 15. Nxd7 Nxd7 16. Nxd5 Bxd5 17. Qxd5 Bxf4 18. exf4 Nf6 19. Qe5 Qd8 20. Bf5 Re8 21. Bxc8 Rxe5 22. dxe5 Qxc8 23. exf6 Qf5 24. Re8+ Kh7 25. fxg7 Kxg7 26. Rae1 Qxf4 27. R1e3 Qd4 28. Rg3+ Kf6 29. Rf3+ Kg7 30. b3 c4 31. bxc4 Qxc4 32. a3 Qd4 33. Ree3 Qd1+ 34. Kh2 Qd6+ 35. g3 Qd5 36. Rf4 Kg6 37. a4 bxa4 38. Rxa4 a5 39. Rea3 Qd2 40. Ra2 Qe1 41. Rxa5 Qf1 42. R5a4 Qb1 43. Rg4+ Kh7 44. Ra7 h5 45. Rf4 h4 46. Rxh4+ Kg8 47. Rg4+ Kh7 48. Rf4 1-0

[Event "Bay Area op"]
[Site "Burlingame"]
[Date "2019.01.04"]
[Round "5"]
[White "Polgar, Tom"]
[Black "Wang, Kevin A"]
[Result "1/2-1/2"]
[WhiteElo "2181"]
[BlackElo "2450"]
[PlyCount "64"]
[EventDate "2019.01.01"]
[EventType "swiss"]
[EventRounds "9"]
[EventCountry "USA"]
[SourceTitle "CBM 188 Extra"]
[Source "ChessBase"]
[SourceDate "2019.02.26"]
[SourceVersion "1"]
[SourceVersionDate "2019.02.26"]
[SourceQuality "1"]

1. e4 c6 2. Nf3 d5 3. Nc3 Nf6 4. e5 Ne4 5. Ne2 Qb6 6. d4 e6 7. Nfg1 f6 8. f3 Ng5 9. exf6 gxf6 10. f4 Ne4 11. Ng3 Bd7 12. Nf3 Nxg3 13. hxg3 c5 14. Be3 Nc6 15. dxc5 Bxc5 16. Bxc5 Qxc5 17. Qd2 0-0-0 18. 0-0-0 Rdg8 19. Rh6 Qf8 20. Rh3 Qc5 21. Rh6 Qf8 22. Rh3 Kb8 23. Bb5 e5 24. Rh4 Qc5 25. Bxc6 Bxc6 26. fxe5 fxe5 27. Nxe5 Rxg3 28. Nxc6+ Qxc6 29. Qxd5 Qxd5 30. Rxd5 Rxg2 31. Rd7 Rc8 32. Rd2 Rxd2 1/2-1/2

[Event "Bay Area op"]
[Site "Burlingame"]
[Date "2019.01.03"]
[Round "3"]
[White "Polgar, Tom"]
[Black "Stearman, Josiah P"]
[Result "1-0"]
[WhiteElo "2181"]
[BlackElo "2298"]
[PlyCount "65"]
[EventDate "2019.01.01"]
[EventType "swiss"]
[EventRounds "9"]
[EventCountry "USA"]
[SourceTitle "CBM 188 Extra"]
[Source "ChessBase"]
[SourceDate "2019.02.26"]
[SourceVersion "1"]
[SourceVersionDate "2019.02.26"]
[SourceQuality "1"]

1. e4 c5 2. Nf3 Nc6 3. Bb5 g6 4. 0-0 Bg7 5. Re1 Nf6 6. e5 Nd5 7. Nc3 Nc7 8. Bxc6 dxc6 9. Ne4 Ne6 10. d3 0-0 11. Be3 b6 12. Qd2 Nd4 13. Nxd4 cxd4 14. Bh6 c5 15. h4 Bb7 16. f3 Qc7 17. Bxg7 Kxg7 18. Nf2 h5 19. Qf4 Rad8 20. Re2 b5 21. Rae1 Qa5 22. Qg5 Rfe8 23. Nh3 Kh7 24. Nf4 e6 25. Kf2 Qc7 26. g4 hxg4 27. h5 Bxf3 28. hxg6+ fxg6 29. Qxg6+ Kh8 30. Kg3 Qg7 31. Rh2+ Kg8 32. Rh6 Re7 33. Qh5 1-0

[Event "Bay Area op"]
[Site "Burlingame"]
[Date "2019.01.02"]
[Round "2"]
[White "Coleman, Teddy"]
[Black "Polgar, Tom"]
[Result "1/2-1/2"]
[WhiteElo "2352"]
[BlackElo "2181"]
[PlyCount "125"]
[EventDate "2019.01.01"]
[EventType "swiss"]
[EventRounds "9"]
[EventCountry "USA"]
[SourceTitle "CBM 188 Extra"]
[Source "ChessBase"]
[SourceDate "2019.02.26"]
[SourceVersion "1"]
[SourceVersionDate "2019.02.26"]
[SourceQuality "1"]

1. d4 Nf6 2. c4 e6 3. Nc3 Bb4 4. e3 0-0 5. Bd3 c5 6. Nge2 d5 7. cxd5 cxd4 8. exd4 Nxd5 9. 0-0 Nc6 10. a3 Bd6 11. Qc2 h6 12. Bh7+ Kh8 13. Be4 Nce7 14. Re1 Bd7 15. Bxd5 Nxd5 16. Nxd5 exd5 17. Bf4 Rc8 18. Qb3 Bc6 19. Bxd6 Qxd6 20. Qf3 Rce8 21. Nc3 Re6 22. Rxe6 Qxe6 23. h3 Kg8 24. Rd1 a6 25. Qf4 Re8 26. Rd3 Qd7 27. Re3 Rxe3 28. fxe3 Qe6 29. Kf2 g5 30. Qf3 Kg7 31. Ke2 Bb5+ 32. Nxb5 axb5 33. Kd2 Qc6 34. Qf5 b4 35. Qe5+ Kg6 36. axb4 Qc4 37. Qd6+ Kg7 38. Qc5 Qb3 39. Qc3 Qa4 40. Ke2 Qa6+ 41. Kf2 Qf6+ 42. Ke1 Qf5 43. b5 h5 44. Ke2 Qb1 45. Kf2 Qf5+ 46. Kg1 Qb1+ 47. Kh2 Qe4 48. Qd2 Kg6 49. Qf2 Qd3 50. b6 Qb3 51. g4 hxg4 52. hxg4 Kg7 53. Kh3 f6 54. Qf3 Kf7 55. Kg3 Kg7 56. Qe2 Qxb6 57. Qc2 Qa5 58. Kf2 Qb5 59. Kg2 Qd7 60. Kf3 Qb5 61. Kf2 Qd7 62. Kf3 Qb5 63. Kf2 1/2-1/2